Words for Rarities in Games - Statistics

General Stats
  • This quiz has been taken 9 times
  • The average score is 8 of 20
Answer Stats
First Letter Answer % Correct
C Common
88%
R Rare
88%
U Uncommon
88%
G Gold
75%
L Legendary
75%
E Epic
63%
M Mythic
63%
S Silver
63%
D Diamond
50%
E Exotic
38%
G Godly
25%
R Rainbow
13%
S Secret
13%
T Transcendant
13%
C Celestial
0%
D Divine
0%
E Elite
0%
R Relic
0%
S Sacred
0%
U Ultimate
0%
No matching quizzes found
Score Distribution
Percent of People with Each Score
Percentile by Number Answered
Your Score History
You have not taken this quiz